000 00264nam a2200121Ia 4500
008 190216s9999||||xx |||||||||||||| ||und||
100 _aViswanathan R
245 0 _aAnyayam
260 _bPoorna Pubs Kozhikode
300 _a121
650 _aLekhanam
942 _cBK
999 _c26940
_d26940